Dog Man A Tale of Two Kitties (Record no. 8009)

MARC details
000 -LEADER
fixed length control field 00312nam a2200133Ia 4500
008 - FIXED-LENGTH DATA ELEMENTS--GENERAL INFORMATION
fixed length control field 260604s9999 xx 000 0 und d
020 ## - INTERNATIONAL STANDARD BOOK NUMBER
International Standard Book Number 9789352752942
082 ## - DEWEY DECIMAL CLASSIFICATION NUMBER
Classification number 808.3 PIL
100 ## - MAIN ENTRY--PERSONAL NAME
Personal name Dav Pilkey
9 (RLIN) 35245
245 #0 - TITLE STATEMENT
Title Dog Man A Tale of Two Kitties
260 ## - PUBLICATION, DISTRIBUTION, ETC.
Name of publisher, distributor, etc. SCHOLASTIC
500 ## - GENERAL NOTE
General note Dog man
942 ## - ADDED ENTRY ELEMENTS (KOHA)
Koha item type Book
Holdings
Date last seen Total Checkouts Full call number Barcode Cost, replacement price Price effective from Koha item type Lost status Damaged status Not for loan Withdrawn status Home library Current library Shelving location Date acquired Cost, normal purchase price BOOK NO
06/04/2026   808.3 PIL 003627 1899.00 06/04/2026 Book         Indian Institute of Management Visakhapatnam Indian Institute of Management Visakhapatnam   06/04/2026 1899.00 PIL

Copyright © 2024 Indian Institute of Management Visakhapatnam
Koha v23.05